| 000 | 00828nam a2200241 a 4500 | ||
|---|---|---|---|
| 003 | MX-MxUPN | ||
| 005 | 20221118063934.0 | ||
| 008 | 030618s1983 mx a r 000 0 spa d | ||
| 020 | _a9688047627 | ||
| 035 | _aUPN01000126078 | ||
| 040 |
_aMX-MxUPN _bspa _cMX-MxUPN |
||
| 041 | 0 | _aspa | |
| 050 | 1 | 4 |
_aLB1578 A339 _bS35 1983 |
| 100 | 1 |
_aSánchez Gómez, Pablo _929933 |
|
| 100 | 1 |
_aCarrillo Basilio, Balbino _947393 |
|
| 245 | 1 | 0 |
_aNu xoru jñatrjo = Mi libro mazahua-primer grado : _bEstado de México / _cPablo Sánchez Gómez, Balbino Carrillo Basilio. |
| 250 | _aPrimera edición. | ||
| 260 |
_aMéxico, D.F. : _bSecretaría de Educación Pública, _c1983 |
||
| 300 |
_a349 páginas : _bilustraciones |
||
| 650 | 4 |
_aCartilla mazahua _98083 |
|
| 650 | 4 |
_aMazahua _xEstudio y enseñanza (Elemental) _927490 |
|
| 905 | _aLibro | ||
| 999 |
_c98257 _d98257 |
||